[Event "9eme Open International de La Fere"]
[Site "La Fere (FRA)"]
[Date "2010.07.09"]
[Round "8.34"]
[White "Obert, Julien"]
[Black "Van Foreest, Lucas"]
[Result "1-0"]
[WhiteElo "1816"]
[BlackElo "1641"]
[PlyCount "43"]
[EventDate "2010.??.??"]

1. e4 e5 2. Nf3 Nc6 3. Bb5 Bc5 4. O-O d6 5. h3 Nf6 6. c3 h6 7. d4 Nxe4 8. dxc5
Nxc5 9. Be3 Ne4 10. Nbd2 Nf6 11. Re1 O-O 12. Nf1 Ne7 13. Ng3 Be6 14. Ba4 c6 15.
Bc2 Qc7 16. Qd2 Ng6 17. Bxh6 gxh6 18. Qxh6 Qe7 19. Ng5 Rfe8 20. Nxe6 Qxe6 21.
Nf5 Nh5 22. Qxh5 1-0

[Event "9eme Open International de La Fere"]
[Site "La Fere (FRA)"]
[Date "2010.??.??"]
[Round "8.35"]
[White "Lever, Erwan"]
[Black "Casier, Fabrice"]
[Result "1-0"]
[WhiteElo "1595"]
[BlackElo "1802"]
[PlyCount "67"]
[EventDate "2010.??.??"]

1. d4 Nf6 2. Nf3 d5 3. Bf4 Bf5 4. e3 e6 5. c4 c6 6. Nc3 Bd6 7. Bg3 O-O 8. Qb3
b6 9. Be2 Bxg3 10. hxg3 Nbd7 11. Nh4 Bg6 12. Nxg6 hxg6 13. g4 dxc4 14. Bxc4 Qe7
15. g5 Nd5 16. Ne4 a6 17. f4 b5 18. Be2 c5 19. Kf2 f5 20. gxf6 gxf6 21. Rh6 Kg7
22. Rah1 Rh8 23. Rxh8 Rxh8 24. Rxh8 Kxh8 25. Qa3 cxd4 26. Qxe7 Nxe7 27. exd4
Nd5 28. g3 Nb4 29. a3 Nc2 30. Nc5 Nxc5 31. dxc5 Nd4 32. Ke3 Nc6 33. Bf3 Na7 34.
Bb7 1-0

[Event "9eme Open International de La Fere"]
[Site "La Fere (FRA)"]
[Date "2010.07.09"]
[Round "8.36"]
[White "Meuriot, Philippe"]
[Black "Biniaux, Michael"]
[Result "0-1"]
[WhiteElo "1561"]
[BlackElo "1772"]
[PlyCount "50"]
[EventDate "2010.??.??"]

1. e4 d5 2. exd5 Qxd5 3. Nc3 Qa5 4. d4 c6 5. Nf3 Bg4 6. Be2 Nf6 7. O-O e6 8.
Bd2 Qc7 9. h3 Bxf3 10. Bxf3 Nbd7 11. Re1 O-O-O 12. Be2 Bd6 13. a3 e5 14. Be3
Nb6 15. Bd3 Kb8 16. b4 exd4 17. Bxd4 Bh2+ 18. Kh1 Rxd4 19. g3 Bxg3 20. fxg3
Qxg3 21. Re2 Qxh3+ 22. Rh2 Qg3 23. Qe1 Qf3+ 24. Rg2 Re8 25. Qg1 Rh4+ 0-1

[Event "9eme Open International de La Fere"]
[Site "La Fere (FRA)"]
[Date "2010.07.09"]
[Round "8.37"]
[White "Rouffignac, Marie"]
[Black "Swiercz, Sonia"]
[Result "0-1"]
[WhiteElo "1537"]
[BlackElo "1762"]
[PlyCount "54"]
[EventDate "2010.??.??"]

1. e4 c5 2. Nf3 e6 3. Nc3 a6 4. g3 g6 5. d4 Qc7 6. Bg2 Bg7 7. Be3 cxd4 8. Nxd4
Ne7 9. O-O Nbc6 10. Qd2 O-O 11. Rad1 b5 12. Bh6 Bb7 13. Bxg7 Kxg7 14. Rfe1 Rad8
15. h4 f5 16. h5 f4 17. gxf4 Rxf4 18. hxg6 hxg6 19. Nxc6 Nxc6 20. Qd6 Qxd6 21.
Rxd6 Ne5 22. Red1 Rdf8 23. R1d2 Rg4 24. Kf1 Bc6 25. b3 Nf3 26. Bxf3 Rxf3 27. a3
Rxc3 0-1

[Event "9eme Open International de La Fere"]
[Site "La Fere (FRA)"]
[Date "2010.??.??"]
[Round "8.38"]
[White "Brugge, Bruno"]
[Black "Lorente, Philippe"]
[Result "1/2-1/2"]
[WhiteElo "1730"]
[BlackElo "1632"]
[PlyCount "78"]
[EventDate "2010.??.??"]

1. c4 Nf6 2. Nc3 e6 3. g3 d5 4. cxd5 exd5 5. d4 Bb4 6. Bd2 Bxc3 7. bxc3 O-O 8.
Bg5 Bf5 9. Bg2 Nbd7 10. Nf3 c6 11. Ne5 Qa5 12. Bd2 Nxe5 13. dxe5 Ne4 14. Bxe4
Bxe4 15. f3 Bf5 16. c4 Qc5 17. cxd5 cxd5 18. Rc1 Qb6 19. Qb3 Qe6 20. Qxb7 Qxe5
21. Bf4 Qd4 22. Rd1 Qc3+ 23. Kf2 Be6 24. Rd3 Qc8 25. Rb1 Bf5 26. Rxd5 Bxb1 27.
Qxb1 Qh3 28. g4 Qh4+ 29. Kg2 Qf6 30. Kg3 Rfe8 31. e4 Qc3 32. Rd3 Qa5 33. Rd5
Qb6 34. Rb5 Qd4 35. Rb7 h6 36. h4 Qc5 37. g5 hxg5 38. hxg5 Re6 39. e5 Rb6
1/2-1/2

[Event "9eme Open International de La Fere"]
[Site "La Fere (FRA)"]
[Date "2010.??.??"]
[Round "8.40"]
[White "Brelot, Loic"]
[Black "Van Poucke, Anthony"]
[Result "1/2-1/2"]
[WhiteElo "1706"]
[BlackElo "1581"]
[PlyCount "119"]
[EventDate "2010.??.??"]

1. d4 d5 2. c4 e6 3. Nc3 Nf6 4. Bg5 Be7 5. e3 O-O 6. cxd5 Nxd5 7. Bxe7 Qxe7 8.
e4 Nxc3 9. bxc3 Nc6 10. Bd3 b6 11. Ne2 Bb7 12. O-O Qd6 13. Qc2 e5 14. d5 Ne7
15. c4 Ng6 16. Rab1 Rab8 17. Rbc1 Ba6 18. Qa4 Bc8 19. c5 Qe7 20. cxb6 cxb6 21.
Qc6 Bb7 22. Qc7 Qxc7 23. Rxc7 Rfc8 24. Rfc1 Rd8 25. Bb5 h6 26. Bc6 Ba6 27. Nc3
Nf4 28. Rxa7 Nd3 29. Rb1 Nc5 30. f3 Bd3 31. Rb2 Bc4 32. Rb4 Bd3 33. a4 Na6 34.
Rb2 Nc5 35. Nb5 f5 36. exf5 Bxf5 37. Rd2 Nb3 38. Rb2 Nd4 39. Nxd4 exd4 40. Rd2
d3 41. g4 Bh7 42. f4 Be4 43. Re7 Bxd5 44. Bb5 Bf3 45. Rxd3 Rxd3 46. Bxd3 Bxg4
47. Bb5 Kf8 48. Rc7 Bf3 49. Kf2 Bd5 50. Ke3 Rb7 51. Rxb7 Bxb7 52. Kd4 Ke7 53.
Ke5 Bg2 54. h4 Bf3 55. Bd3 Bc6 56. Bb5 Bxb5 57. axb5 g6 58. Kd5 Kd7 59. Ke5 Ke7
60. Kd5 1/2-1/2

[Event "9eme Open International de La Fere"]
[Site "La Fere (FRA)"]
[Date "2010.??.??"]
[Round "8.41"]
[White "Duquenne, Eddy"]
[Black "Soveaux, Jean"]
[Result "0-1"]
[WhiteElo "1520"]
[BlackElo "1932"]
[PlyCount "82"]
[EventDate "2010.??.??"]

1. d4 d5 2. c4 c6 3. Nc3 Nf6 4. Nf3 Nbd7 5. e3 g6 6. Bd3 dxc4 7. Bxc4 Bg7 8.
O-O O-O 9. a4 a5 10. e4 Nb6 11. Bb3 e6 12. e5 Nfd5 13. Ne4 Bd7 14. Nd6 Qc7 15.
Nc4 Nxc4 16. Bxc4 b5 17. Bd3 b4 18. Re1 Rac8 19. Nd2 Rfe8 20. Nc4 Bf8 21. Qf3
c5 22. Bg5 cxd4 23. Qh3 Qa7 24. Re4 f5 25. exf6 Nxf6 26. Bxf6 e5 27. Qh4 Bf5
28. Rae1 Bxe4 29. Rxe4 Qf7 30. h3 Rxc4 31. Bxc4 Qxc4 32. Bxe5 Qc1+ 33. Kh2 Qc2
34. Qf4 Bd6 35. f3 Bxe5 36. Rxe5 Rxe5 37. Qxe5 Qc4 38. Qe8+ Kg7 39. Qe5+ Kf7
40. g4 d3 41. f4 d2 0-1

[Event "9eme Open International de La Fere"]
[Site "La Fere (FRA)"]
[Date "2010.07.09"]
[Round "8.42"]
[White "Parent, Henri"]
[Black "Laufer, Maurice"]
[Result "1-0"]
[WhiteElo "1776"]
[BlackElo "1524"]
[PlyCount "89"]
[EventDate "2010.??.??"]

1. e4 Nf6 2. e5 Nd5 3. d4 d6 4. c4 Nb6 5. f4 dxe5 6. fxe5 c5 7. Be3 Bf5 8. Nf3
e6 9. Nc3 Be7 10. d5 O-O 11. d6 Bg4 12. dxe7 Qxd1+ 13. Rxd1 Re8 14. Nb5 Bxf3
15. gxf3 Na6 16. a3 Rxe7 17. h4 Nc7 18. Bxc5 Rd7 19. Rxd7 Nxd7 20. Bd6 Nxb5 21.
cxb5 Rc8 22. Kd2 Nb6 23. h5 h6 24. b3 Rd8 25. Bc4 Nc8 26. Kc1 Nb6 27. Kc2 Nd5
28. Bxd5 exd5 29. Rc1 f6 30. Kd3 fxe5 31. Bxe5 Rf8 32. f4 Rf5 33. Rc8+ Kh7 34.
Rc7 Kg8 35. Rxg7+ Kf8 36. Rxb7 Rxh5 37. Bg7+ Ke8 38. Kd4 Rh3 39. Bxh6 Rxh6 40.
b4 Rh3 41. Rxa7 Rh4 42. Kxd5 Rxf4 43. b6 Rf2 44. b7 Rd2+ 45. Kc5 1-0

[Event "9eme Open International de La Fere"]
[Site "La Fere (FRA)"]
[Date "2010.07.09"]
[Round "8.44"]
[White "Chevance, Gerard"]
[Black "Pottier, Philippe"]
[Result "1/2-1/2"]
[WhiteElo "1677"]
[BlackElo "1480"]
[PlyCount "57"]
[EventDate "2010.??.??"]

1. d4 d5 2. c4 e6 3. Nc3 c6 4. Nf3 f5 5. e3 Nf6 6. Bd3 Bd6 7. Qc2 Ne4 8. O-O
O-O 9. cxd5 exd5 10. a3 g5 11. Ne5 Nd7 12. f4 g4 13. g3 Ndf6 14. b4 Qe8 15. Kg2
Qh5 16. Nxe4 Nxe4 17. Bxe4 fxe4 18. Bb2 Rf6 19. Kg1 Be6 20. Rf2 Qf5 21. Qe2 h5
22. Rc1 Rc8 23. Qd2 Rh6 24. Rc2 Rc7 25. Kf1 Rg6 26. Ke1 Be7 27. Qe2 h4 28. Kd2
hxg3 29. hxg3 1/2-1/2

[Event "9eme Open International de La Fere"]
[Site "La Fere (FRA)"]
[Date "2010.??.??"]
[Round "8.45"]
[White "Alloui-Cros, Baptiste"]
[Black "Lucas, Bernard"]
[Result "0-1"]
[WhiteElo "1510"]
[BlackElo "1674"]
[PlyCount "152"]
[EventDate "2010.??.??"]

1. d4 d5 2. c4 c6 3. Nc3 Nf6 4. Nf3 e6 5. Bf4 Bd6 6. Bxd6 Qxd6 7. cxd5 cxd5 8.
e3 O-O 9. Bd3 a6 10. Qb3 b5 11. a3 Nbd7 12. O-O Nb6 13. Rfc1 Nc4 14. Qa2 Bb7
15. Rc2 Rfc8 16. b3 Nb6 17. Ne5 Rc7 18. Rac1 Rac8 19. a4 b4 20. Ne2 a5 21. f3
Nbd7 22. Rxc7 Rxc7 23. Rxc7 Qxc7 24. Nxd7 Nxd7 25. Qc2 Qxc2 26. Bxc2 f6 27. Kf2
e5 28. Ng3 g6 29. h4 Kf7 30. f4 e4 31. Ne2 f5 32. Ng1 Ba6 33. Nh3 h6 34. g3 Nf6
35. Kg2 Ng4 36. Kg1 Nxe3 37. Bb1 Nd1 38. Bc2 Nc3 39. Kf2 Be2 40. Ng1 Bg4 41.
Ke3 Ke6 42. Kd2 Kf6 43. Ke3 g5 44. Kd2 gxh4 45. gxh4 Kg6 46. Ke3 Kh5 47. Kf2
Kxh4 48. Kg2 Nd1 49. Kh2 Ne3 50. Bb1 Bd1 51. Ba2 Nc2 52. Kg2 Nxd4 53. Kf2 Bxb3
54. Bxb3 Nxb3 55. Ke3 d4+ 56. Ke2 Nc5 57. Kd2 Nxa4 58. Ne2 d3 59. Nd4 Kg4 60.
Nb3 Kxf4 61. Nxa5 Nc5 62. Nc6 b3 63. Kc3 Ke3 64. Nd4 f4 65. Nf5+ Ke2 66. Nd4+
Ke1 67. Kb2 d2 68. Kc3 d1=Q 69. Kc4 Qc1+ 70. Kd5 b2 71. Ke5 Nd3+ 72. Kf6 Qc5
73. Ne6 Qe5+ 74. Kf7 b1=R 75. Nf8 Rb6 76. Kg8 Rb7 0-1

[Event "9eme Open International de La Fere"]
[Site "La Fere (FRA)"]
[Date "2010.??.??"]
[Round "8.46"]
[White "Paris, Pierre-Julien"]
[Black "Bedu, Jean-Pierre"]
[Result "0-1"]
[WhiteElo "1400"]
[BlackElo "1640"]
[PlyCount "78"]
[EventDate "2010.??.??"]

1. e4 c6 2. d4 d5 3. Nc3 dxe4 4. Nxe4 Bf5 5. Ng3 Bg6 6. Nf3 Nd7 7. Be2 Qc7 8.
Bd2 e6 9. c4 Ngf6 10. Qb3 h6 11. Bd3 Bxd3 12. Qxd3 Be7 13. Bc3 O-O 14. O-O Rad8
15. Qc2 Rfe8 16. Rfe1 b6 17. Rad1 Bd6 18. Nf1 Rc8 19. Ne3 e5 20. dxe5 Bxe5 21.
Nxe5 Nxe5 22. Nf5 Neg4 23. g3 Rxe1+ 24. Rxe1 Re8 25. Rxe8+ Nxe8 26. Qe4 Ngf6
27. Bxf6 Nxf6 28. Qf3 Qd7 29. b3 g6 30. Qxc6 Qxf5 31. Qa8+ Kg7 32. Qxa7 Qb1+
33. Kg2 Qe4+ 34. Kg1 Qd4 35. Qe7 Ne4 36. Kg2 Qxf2+ 37. Kh3 Ng5+ 38. Kg4 Qf5+
39. Kh4 Qh3# 0-1

[Event "9eme Open International de La Fere"]
[Site "La Fere (FRA)"]
[Date "2010.??.??"]
[Round "8.47"]
[White "Pruvost, Alain"]
[Black "Gosset, Hugo"]
[Result "0-1"]
[WhiteElo "1623"]
[BlackElo "1400"]
[PlyCount "76"]
[EventDate "2010.??.??"]

1. b4 e5 2. b5 Nf6 3. Bb2 d6 4. c4 c6 5. a4 a6 6. e3 axb5 7. axb5 Rxa1 8. Bxa1
cxb5 9. cxb5 Nbd7 10. Nf3 d5 11. Nxe5 Nb6 12. Be2 Bf5 13. O-O g6 14. Ng4 Bg7
15. Nxf6+ Bxf6 16. Bxf6 Qxf6 17. d4 O-O 18. Qb3 Qg5 19. Rc1 Re8 20. Bf3 Be4 21.
Qd1 Nc4 22. Bxe4 Rxe4 23. Rc3 Rg4 24. g3 h5 25. Nd2 h4 26. Nf3 Qh5 27. Qf1 g5
28. Ne5 Nxe5 29. Rc8+ Kg7 30. dxe5 d4 31. Qa1 hxg3 32. hxg3 Qh4 33. Kg2 Qh7 34.
f3 Re4 35. fxe4 Qxe4+ 36. Kf1 Qh1+ 37. Ke2 Qxa1 38. exd4 Qxd4 0-1

[Event "9eme Open International de La Fere"]
[Site "La Fere (FRA)"]
[Date "2010.07.09"]
[Round "8.48"]
[White "Caloone, Claire"]
[Black "Fauchart, Francois"]
[Result "0-1"]
[WhiteElo "1320"]
[BlackElo "1608"]
[PlyCount "99"]
[EventDate "2010.??.??"]

1. e4 e5 2. Nf3 Nc6 3. Bb5 Nf6 4. Nc3 d6 5. h3 Bd7 6. d3 Be7 7. O-O O-O 8. Re1
a6 9. Ba4 b5 10. Bb3 h6 11. Nd5 Nxd5 12. Bxd5 Rb8 13. Be3 Rc8 14. c3 Na5 15. b4
c6 16. Bxf7+ Rxf7 17. bxa5 Qxa5 18. d4 Bf6 19. Qd3 Re8 20. Bd2 Qc7 21. Rac1 Qa7
22. Be3 Qb7 23. Rb1 Qc8 24. d5 cxd5 25. Qxd5 Qc6 26. Qxc6 Bxc6 27. Bd2 Be7 28.
Rbc1 Bd7 29. c4 Rc8 30. c5 Bxh3 31. Re3 Bg4 32. cxd6 Rxc1+ 33. Bxc1 Bxd6 34.
Rd3 Bxf3 35. Rxd6 Bxe4 36. Rxa6 Bd5 37. a4 bxa4 38. Rxa4 Rf8 39. Ba3 Ra8 40.
Rxa8+ Bxa8 41. f3 Kf7 42. Kf2 g6 43. Ke3 Ke6 44. Bf8 h5 45. Bh6 Kf5 46. g3 Bd5
47. f4 Kg4 48. Kf2 exf4 49. Bxf4 h4 50. Kg1 0-1

[Event "9eme Open International de La Fere"]
[Site "La Fere (FRA)"]
[Date "2010.??.??"]
[Round "8.49"]
[White "Lepere, Rodrigue"]
[Black "Caloone, Thomas"]
[Result "0-1"]
[WhiteElo "1250"]
[BlackElo "1599"]
[PlyCount "62"]
[EventDate "2010.??.??"]

1. f4 d5 2. Nf3 Nc6 3. e3 Nf6 4. Be2 d4 5. d3 dxe3 6. Bxe3 Nd5 7. Bd2 Qd6 8.
Qc1 e5 9. c4 Nxf4 10. Bxf4 exf4 11. O-O Qf6 12. Nc3 Bc5+ 13. Kh1 Be3 14. Nd2
Ne7 15. b4 Bf5 16. Qc2 Qg5 17. Nde4 Qg6 18. Bf3 O-O 19. Rae1 c6 20. Nd1 Bxe4
21. Bxe4 f5 22. Nxe3 fxe4 23. Nd1 exd3 24. Qd2 Qd6 25. Nb2 Ng6 26. Nxd3 Rad8
27. g3 Qxd3 28. Qxd3 Rxd3 29. Kg2 f3+ 30. Kh3 f2 31. Re2 Nf4+ 0-1

[Event "9eme Open International de La Fere"]
[Site "La Fere (FRA)"]
[Date "2010.07.09"]
[Round "8.50"]
[White "Descamps, Serge"]
[Black "Siegfried, Francois"]
[Result "1-0"]
[WhiteElo "1587"]
[BlackElo "1360"]
[PlyCount "65"]
[EventDate "2010.??.??"]

1. e4 e5 2. Nf3 Nc6 3. d4 exd4 4. Bc4 h6 5. c3 Bc5 6. cxd4 Bb4+ 7. Bd2 Nf6 8.
Bxb4 Nxb4 9. Bxf7+ Kxf7 10. Qb3+ Kg6 11. Ne5+ Kh7 12. Qxb4 Qf8 13. Qc3 Nxe4 14.
Qe3 d5 15. Nc3 Nxc3 16. bxc3 Bf5 17. O-O Re8 18. Qd2 Rg8 19. g4 g6 20. gxf5
gxf5+ 21. Kh1 Re7 22. Rg1 Rxg1+ 23. Rxg1 Rg7 24. Rxg7+ Qxg7 25. Qf4 Qg5 26.
Qxg5 hxg5 27. Kg2 f4 28. Kh3 Kh6 29. Kg4 c6 30. Nf7+ Kg6 31. Nxg5 a5 32. Ne6 b5
33. Nc5 1-0

[Event "9eme Open International de La Fere"]
[Site "La Fere (FRA)"]
[Date "2010.??.??"]
[Round "8.51"]
[White "Caloone, Jules"]
[Black "Blondel, Francis"]
[Result "1-0"]
[WhiteElo "1380"]
[BlackElo "1576"]
[PlyCount "87"]
[EventDate "2010.??.??"]

1. e4 c5 2. Nf3 d6 3. Nc3 g6 4. Bc4 e6 5. d3 Bg7 6. Bg5 Qa5 7. Qd2 Nf6 8. O-O
Nc6 9. Bh6 O-O 10. Bxg7 Kxg7 11. d4 Rd8 12. d5 Ne5 13. Nxe5 dxe5 14. f4 exd5
15. Bxd5 Be6 16. fxe5 Nxe4 17. Qf4 Bxd5 18. Nxd5 Rf8 19. Qxe4 Rfe8 20. Qe1 Qd8
21. Rd1 Qg5 22. h4 Qxe5 23. Qxe5+ Rxe5 24. Rfe1 Rh5 25. g3 Rd8 26. Nf4 Re5 27.
Ng2 Rxe1+ 28. Rxe1 b5 29. Re5 Rd1+ 30. Kh2 Rb1 31. b3 Rb2 32. Rxc5 Rxa2 33. Ne3
a6 34. Kh3 Ra1 35. c4 Rc1 36. Rc6 Rc3 37. Nd5 Rxb3 38. cxb5 Rxb5 39. Nc7 Rb3
40. Rxa6 h5 41. Ra7 Kh6 42. Ne8 Rf3 43. Nd6 f5 44. Nf7+ 1-0

[Event "9eme Open International de La Fere"]
[Site "La Fere (FRA)"]
[Date "2010.07.10"]
[Round "9.1"]
[White "Laurent, Bruno"]
[Black "Romanov, Evgeny"]
[Result "1/2-1/2"]
[WhiteElo "2336"]
[BlackElo "2590"]
[PlyCount "55"]
[EventDate "2010.??.??"]

1. e4 d5 2. exd5 Qxd5 3. Nc3 Qa5 4. d4 c6 5. Nf3 Bf5 6. Ne5 Nf6 7. Bc4 e6 8.
O-O Nbd7 9. Qe2 Be7 10. Bb3 Nxe5 11. dxe5 Ng4 12. Bf4 g5 13. Bg3 h5 14. h3 Nh6
15. Ne4 Bxe4 16. Qxe4 O-O-O 17. Rad1 Nf5 18. c3 g4 19. Bf4 Rdg8 20. Kh2 gxh3
21. gxh3 Qb6 22. Be3 Qc7 23. Rg1 Nxe3 24. Qxe3 Kb8 25. Rxg8+ Rxg8 26. Rg1 Rxg1
27. Kxg1 Bd8 28. Bd1 1/2-1/2

[Event "9eme Open International de La Fere"]
[Site "La Fere (FRA)"]
[Date "2010.07.10"]
[Round "9.2"]
[White "Forthofer, Robert"]
[Black "Fomichenko, Eduard"]
[Result "0-1"]
[WhiteElo "2303"]
[BlackElo "2458"]
[PlyCount "80"]
[EventDate "2010.??.??"]

1. d4 d5 2. c4 e6 3. Nc3 Be7 4. Bf4 Nf6 5. e3 O-O 6. Bd3 c5 7. dxc5 Bxc5 8. Nf3
Nc6 9. O-O a6 10. Rc1 dxc4 11. Bxc4 Qe7 12. Ne5 Nxe5 13. Bxe5 Nd7 14. Bg3 b5
15. Bd3 f5 16. Qb3 Bb7 17. Rfd1 Rac8 18. a4 b4 19. Bc4 Rfe8 20. Ne2 Nb6 21. Nd4
Bxd4 22. Rxd4 Bd5 23. Rxd5 exd5 24. Bxd5+ Nxd5 25. Qxd5+ Qf7 26. Qd1 Qe6 27. h4
h6 28. Kh2 b3 29. Rxc8 Rxc8 30. Qd4 Kh7 31. a5 Rc4 32. Qb6 Qxb6 33. axb6 Rb4
34. Bc7 a5 35. b7 a4 36. b8=Q Rxb8 37. Bxb8 a3 38. bxa3 b2 39. Bf4 b1=Q 40. f3
Qb3 0-1

[Event "9eme Open International de La Fere"]
[Site "La Fere (FRA)"]
[Date "2010.07.10"]
[Round "9.3"]
[White "Degraeve, Jean-Marc"]
[Black "Colin, Vincent"]
[Result "1/2-1/2"]
[WhiteElo "2569"]
[BlackElo "2425"]
[PlyCount "52"]
[EventDate "2010.??.??"]

1. e4 e5 2. Nf3 Nc6 3. Bc4 Nf6 4. d3 Be7 5. O-O O-O 6. Nc3 d6 7. Nd5 Na5 8.
Nxe7+ Qxe7 9. Bg5 Nxc4 10. dxc4 h6 11. Bxf6 Qxf6 12. Qd3 b6 13. Rfe1 a5 14. a4
Bb7 15. Nd2 g6 16. Nb1 Rad8 17. Nc3 Rd7 18. Rad1 Qe6 19. Nd5 Bxd5 20. Qxd5 Qxd5
21. Rxd5 f5 22. exf5 Rxf5 23. f3 Rdf7 24. Re4 Rf4 25. Rd3 Rxe4 26. fxe4 Rf4
1/2-1/2

[Event "9eme Open International de La Fere"]
[Site "La Fere (FRA)"]
[Date "2010.07.10"]
[Round "9.4"]
[White "Dal Borgo, Albin"]
[Black "Pytel, Krzysztof"]
[Result "0-1"]
[WhiteElo "2204"]
[BlackElo "2360"]
[PlyCount "114"]
[EventDate "2010.??.??"]

1. d4 g6 2. Nf3 Bg7 3. e4 c6 4. Nc3 d5 5. h3 dxe4 6. Nxe4 Nd7 7. Be2 Ngf6 8.
Nxf6+ Nxf6 9. O-O O-O 10. c3 Qb6 11. Qb3 Be6 12. Qxb6 axb6 13. a3 b5 14. Bf4
Nd5 15. Be5 f6 16. Bg3 Nb6 17. Bd1 Rfe8 18. Nd2 Bd5 19. Bc7 Nd7 20. Bb3 e6 21.
Bxd5 exd5 22. Rae1 Bf8 23. Nf3 g5 24. Rxe8 Rxe8 25. Re1 Rc8 26. Bg3 Nb6 27. Re2
Kf7 28. Ne1 Nc4 29. f3 b6 30. Nd3 Na5 31. Bf2 Nb3 32. Kf1 c5 33. dxc5 bxc5 34.
Be3 Bd6 35. Nc1 Na5 36. Nd3 Nc4 37. Bf2 Rc6 38. Ke1 h5 39. g4 hxg4 40. hxg4 Rc8
41. Kf1 Ne5 42. Ne1 Ng6 43. Rd2 Ke6 44. Re2+ Kd7 45. Rd2 Kc6 46. Nc2 Rh8 47.
Ne3 Rh1+ 48. Kg2 Rh2+ 49. Kf1 Bf4 50. Re2 d4 51. cxd4 cxd4 52. Rc2+ Kd7 53. Nd5
d3 54. Nb6+ Ke6 55. Rc6+ Kf7 56. Nd5 Rh1+ 57. Bg1 d2 0-1

[Event "9eme Open International de La Fere"]
[Site "La Fere (FRA)"]
[Date "2010.07.10"]
[Round "9.7"]
[White "Mataigne, Jean-Michel"]
[Black "Henris, Luc"]
[Result "0-1"]
[WhiteElo "2054"]
[BlackElo "2213"]
[PlyCount "74"]
[EventDate "2010.??.??"]

1. e4 e5 2. Nf3 d6 3. d4 exd4 4. Nxd4 Nf6 5. Nc3 Be7 6. Bf4 O-O 7. Qd2 c6 8.
O-O-O b5 9. f3 b4 10. Nb1 Qb6 11. g4 Rd8 12. h4 d5 13. e5 Ne8 14. Bg5 f6 15.
Nf5 Bxf5 16. gxf5 Nd7 17. f4 Nc5 18. exf6 Nxf6 19. Qg2 Nce4 20. Re1 Re8 21. Rg1
Bf8 22. Bd3 Qf2 23. Qxf2 Nxf2 24. Bxf6 Rxe1+ 25. Rxe1 gxf6 26. Re2 Nh3 27. Re6
c5 28. Rxf6 Nxf4 29. Nd2 Re8 30. Nf3 c4 31. Bf1 Re3 32. Nh2 Be7 33. Ra6 c3 34.
bxc3 bxc3 35. Kd1 Bxh4 36. Nf3 Rxf3 37. Be2 Rg3 0-1

[Event "9eme Open International de La Fere"]
[Site "La Fere (FRA)"]
[Date "2010.07.10"]
[Round "9.8"]
[White "Feryn, Benjamin"]
[Black "Defrance, Laurent"]
[Result "0-1"]
[WhiteElo "2034"]
[BlackElo "2190"]
[PlyCount "94"]
[EventDate "2010.??.??"]

1. e4 e5 2. Nc3 Nf6 3. g3 d5 4. exd5 Nxd5 5. Bg2 Nxc3 6. bxc3 Bd6 7. Nf3 O-O 8.
O-O Nd7 9. d4 h6 10. Re1 exd4 11. cxd4 Nb6 12. Ne5 c6 13. c3 Be6 14. Qd3 Bxe5
15. Rxe5 Bc4 16. Qf5 Qc8 17. Qh5 Re8 18. Bf4 Rxe5 19. Bxe5 Qd7 20. Be4 Be6 21.
Qe2 Re8 22. Re1 Bf5 23. Qf3 Bxe4 24. Rxe4 f6 25. Bf4 Rxe4 26. Qxe4 Nd5 27. c4
Nc3 28. Qd3 Qxd4 29. Qxd4 Ne2+ 30. Kg2 Nxd4 31. Be3 Nf5 32. Bxa7 Nd6 33. c5 Nb5
34. Bb6 Kf7 35. Kf3 Ke6 36. Ke4 f5+ 37. Kd3 Kd5 38. h4 g6 39. h5 gxh5 40. Ke3
Nc3 41. a3 Ne4 42. Ba7 Nxc5 43. Kf4 Ne4 44. Be3 Nd6 45. Kf3 Nc4 46. Bxh6 Nxa3
47. Kf4 Ke6 0-1

[Event "9eme Open International de La Fere"]
[Site "La Fere (FRA)"]
[Date "2010.07.10"]
[Round "9.9"]
[White "Molet, Asher"]
[Black "Demanghon, Jonathan"]
[Result "0-1"]
[WhiteElo "1830"]
[BlackElo "2183"]
[PlyCount "134"]
[EventDate "2010.??.??"]

1. d4 d5 2. Nf3 Nf6 3. Bf4 c5 4. c3 Nc6 5. e3 Qb6 6. Qb3 c4 7. Qxb6 axb6 8.
Nbd2 b5 9. Be2 b4 10. O-O bxc3 11. bxc3 Ra3 12. Rfc1 h6 13. Ne5 Nxe5 14. Bxe5
Bf5 15. Bxf6 gxf6 16. e4 dxe4 17. Nxc4 Ra7 18. Nb6 e6 19. Bb5+ Kd8 20. a4 h5
21. h4 Bh6 22. Rc2 Rg8 23. Nc4 e3 24. Re2 Bd3 25. Ree1 exf2+ 26. Kxf2 Bf4 27.
Red1 Be4 28. Ne3 f5 29. d5 exd5 30. c4 Be5 31. Nxd5 Rxg2+ 32. Kf1 Rh2 33. Ra3
Bd6 34. Re3 Rh1+ 35. Ke2 Rh2+ 36. Kf1 Rxh4 37. Nf6 Rh1+ 38. Ke2 Rh2+ 39. Kf1
Rh1+ 40. Ke2 Rxd1 41. Kxd1 Bc6 42. Rd3 Ke7 43. Nxh5 Bxb5 44. axb5 Be5 45. Rf3
Ke6 46. Nf4+ Bxf4 47. Rxf4 Ke5 48. Rh4 b6 49. Kd2 f4 50. Ke2 Ke4 51. Rh5 Ra2+
52. Kf1 Rc2 53. c5 bxc5 54. b6 Rb2 55. Rxc5 Rxb6 56. Rc3 Rb2 57. Rc4+ Kf3 58.
Rc3+ Kg4 59. Ra3 f6 60. Rc3 Rh2 61. Ra3 Rh3 62. Ra6 f5 63. Ra4 Rb3 64. Kf2 Rb2+
65. Kf1 Kg3 66. Ra3+ f3 67. Ra1 Rh2 0-1

[Event "9eme Open International de La Fere"]
[Site "La Fere (FRA)"]
[Date "2010.07.10"]
[Round "9.10"]
[White "Piankov, Evgenij"]
[Black "Cardon, Pierre"]
[Result "1-0"]
[WhiteElo "2324"]
[BlackElo "1871"]
[PlyCount "59"]
[EventDate "2010.??.??"]

1. d4 d5 2. Nf3 Nf6 3. Bf4 e6 4. e3 Be7 5. h3 O-O 6. Bd3 c5 7. c3 Nc6 8. O-O a6
9. a4 c4 10. Bc2 Bd7 11. Nbd2 b5 12. b4 cxb3 13. Bxb3 Na5 14. axb5 Bxb5 15. Re1
Rc8 16. Rc1 Qb6 17. Nb1 Ne4 18. Bc2 Nc4 19. Nfd2 Ncxd2 20. Nxd2 Nxc3 21. Qh5 g6
22. Qh6 Bf6 23. Bd1 Ne2+ 24. Bxe2 Rxc1 25. Rxc1 Bxe2 26. Re1 Rc8 27. Rxe2 Rc1+
28. Kh2 Qb5 29. Bd6 Bg7 30. Qh4 1-0

[Event "9eme Open International de La Fere"]
[Site "La Fere (FRA)"]
[Date "2010.07.10"]
[Round "9.12"]
[White "Jimenez, Martin"]
[Black "Marchyllie, Bruno"]
[Result "0-1"]
[WhiteElo "1849"]
[BlackElo "2131"]
[PlyCount "92"]
[EventDate "2010.??.??"]

1. d4 d5 2. Nf3 c6 3. e3 g6 4. b3 Bg7 5. Bb2 Nf6 6. Bd3 O-O 7. Nbd2 Re8 8. O-O
Nbd7 9. Re1 Qc7 10. c4 b6 11. Rc1 Bb7 12. Qc2 Rac8 13. cxd5 Nxd5 14. a3 Qb8 15.
e4 Nf4 16. Bf1 e5 17. dxe5 Nxe5 18. Nxe5 Bxe5 19. Bxe5 Qxe5 20. Nc4 Qc7 21. e5
Rcd8 22. Nd6 Re7 23. g3 Ne6 24. Bg2 Ba6 25. b4 Nd4 26. Qb2 c5 27. Re4 Ne6 28.
Re3 Qb8 29. Bd5 Bc8 30. bxc5 Bd7 31. cxb6 axb6 32. Rb3 b5 33. Bxe6 Rxe6 34. a4
Qa8 35. axb5 Qd5 36. b6 Rxe5 37. Nc4 Bc6 38. f3 Re7 39. Na5 Qxa5 40. Rxc6 Qe1+
41. Kg2 Re2+ 42. Kh3 Qf1+ 43. Kg4 h5+ 44. Kh4 Rxb2 45. Rxb2 Qxf3 46. Rc4 Qf6+
0-1

[Event "9eme Open International de La Fere"]
[Site "La Fere (FRA)"]
[Date "2010.07.10"]
[Round "9.13"]
[White "Feryn, Alexandre"]
[Black "Poulain, Andre"]
[Result "1-0"]
[WhiteElo "2075"]
[BlackElo "1815"]
[PlyCount "63"]
[EventDate "2010.??.??"]

1. e4 c5 2. Nf3 d6 3. c3 Nf6 4. Be2 Nc6 5. d4 cxd4 6. cxd4 e6 7. Bd3 Be7 8. O-O
O-O 9. Re1 e5 10. d5 Nb8 11. h3 Nbd7 12. Be3 Re8 13. Nbd2 b6 14. b4 Bb7 15. Nc4
Nf8 16. a4 Bxd5 17. exd5 e4 18. Bxe4 Nxe4 19. Bxb6 axb6 20. Rxe4 Bf6 21. Rxe8
Qxe8 22. Ra2 Qd8 23. Nd4 Bxd4 24. Qxd4 b5 25. Nb6 Rb8 26. a5 Qc7 27. Qd2 Ng6
28. Rc2 Qd8 29. Qc1 Ne7 30. Rc7 g6 31. g4 h6 32. Rd7 1-0

[Event "9eme Open International de La Fere"]
[Site "La Fere (FRA)"]
[Date "2010.07.10"]
[Round "9.14"]
[White "Ben Porat, Tal"]
[Black "Husson, Cybele"]
[Result "1/2-1/2"]
[WhiteElo "1849"]
[BlackElo "2040"]
[PlyCount "47"]
[EventDate "2010.??.??"]

1. e4 Nf6 2. e5 Nd5 3. d4 d6 4. Nf3 dxe5 5. Nxe5 c6 6. c3 Nd7 7. Nxd7 Bxd7 8.
Bd3 e6 9. O-O Qf6 10. Be3 Nf4 11. Bxf4 Qxf4 12. Nd2 Be7 13. Nf3 O-O 14. Qb3 b6
15. Rae1 Bd6 16. Qc2 Qh6 17. h3 c5 18. dxc5 Bxc5 19. Ne5 Rad8 20. Ng4 Qh4 21.
Ne5 Be7 22. Re4 Qh6 23. Ng4 Qh5 24. Ne5 1/2-1/2